Στοιχεία βιομετρίας και στατιστικής : δημογραφική μελέτη του πληθυσμού της Ελλάδος
Αποθηκεύτηκε σε:
| Κύριος συγγραφέας: | |
|---|---|
| Μορφή: | Βιβλίο |
| Γλώσσα: | Greek |
| Δημοσίευση: |
Αθήναι :
Βαφειαδάκης, Ν.,
1943
|
| Θέματα: | |
| Ετικέτες: |
Προσθήκη ετικέτας
Δεν υπάρχουν, Καταχωρήστε ετικέτα πρώτοι!
|
MARC
| LEADER | 00000cam a2200000 i 4500 | ||
|---|---|---|---|
| 001 | 1/96581 | ||
| 008 | 081105s1943 gre d | ||
| 035 | |l 10101395 | ||
| 040 | |a GR-MY-UA |b gre |e aacr | ||
| 041 | 0 | |a gre | |
| 082 | 0 | |a 570.15195 |2 (22) | |
| 100 | 1 | |a Βαλαώρας, Βασίλειος Γ. | |
| 245 | 1 | 0 | |a Στοιχεία βιομετρίας και στατιστικής : |b δημογραφική μελέτη του πληθυσμού της Ελλάδος / |c Βασ. Γ. Βαλαώρα |
| 260 | |a Αθήναι : |b Βαφειαδάκης, Ν., |c 1943 | ||
| 300 | |a 333 σ.; |b πίν., σχέδια; |c 24 εκ. | ||
| 504 | |a Περιέχει βιβλιογραφικές παραπομπές και ευρετήριο | ||
| 650 | 0 | 0 | |a Biometry. |
| 651 | 0 | |a Greece |x Statistics, Vital. | |
| 852 | |a INST |b LESVOS |e 20081105 |h 570.15195 ΒΑΛ |p 005100043398 |q 005100043398 |t BK |y 0 | ||
| 901 | |a BIBL1-2008-3 | ||
| 909 | |a Λ |b 156142 | ||
| 970 | |a ΚΑΡΑ |b ΓΙΑΣΕΜΗ |z 2008/11/05 | ||